000 nam a22 7a 4500
999 _c9260
_d9260
008 180125b ||||| |||| 00| 0 eng d
100 _aKhan N
_95517
245 _aLearning english - I
260 _aNew Delhi
_bNCERT
_c2000